000 00613nam a2200229Ia 4500
003 OSt
005 20221006165634.0
006 a|||||r|||| 00| 0
007 ta
008 221006b |||||||| |||| 00| 0 eng d
024 _a2,120
037 _cTextual
040 _aFML
_cFML
_beng
041 _2eng
_aeng
082 _aY:1.2 'C, G9
100 _aPuri Brij Nath Au.
245 0 _aIndia as Discribed by Early Greek Writers
260 _aAllahabad
_bIndian Publication
_c1939
300 _a156
_ccm.
942 _hY:1.2 'C, G9
_cTEXL
_2CC
999 _c1121547
_d1121547